Spirits rebellious (Record no. 541925)

000 -LEADER
fixed length control field 00435nam a2200157 a 4500
020 ## - INTERNATIONAL STANDARD BOOK NUMBER
International Standard Book Number 0806503645 (pbk)
082 ## - DEWEY DECIMAL CLASSIFICATION NUMBER
Classification number 102
Author Mark GIB
-- D
100 1# - MAIN ENTRY--PERSONAL NAME
Personal name Gibran, Kahlil
9 (RLIN) 10190
245 ## - TITLE STATEMENT
Title Spirits rebellious
260 ## - PUBLICATION, DISTRIBUTION, ETC.
Place of publication, distribution, etc. New York :
Name of publisher, distributor, etc. Philosophical Library ,
Date of publication, distribution, etc. 1947
300 ## - PHYSICAL DESCRIPTION
Extent 120p.
526 ## - STUDY PROGRAM INFORMATION NOTE
Program name 0
Interest level 0
Reading level 0
Title point value 102_000000000000000_GIB
650 #0 - SUBJECT ADDED ENTRY--TOPICAL TERM
Topical term or geographic name entry element Arabic Literature -- History and Criticism
9 (RLIN) 37003
650 #0 - SUBJECT ADDED ENTRY--TOPICAL TERM
Topical term or geographic name entry element MCE
9 (RLIN) 379
942 ## - ADDED ENTRY ELEMENTS (KOHA)
Source of classification or shelving scheme
Koha item type Book
Holdings
Withdrawn status Lost status Source of classification or shelving scheme Damaged status Not for loan Permanent Location Current Location Date acquired Total Checkouts Total Renewals Full call number Barcode Date last seen Date last checked out Price effective from Koha item type
          Military College of Engineering (MCE) Military College of Engineering (MCE) 09/11/2013 3 1 102 GIB MCE-34955 09/03/2020 08/19/2020 09/11/2013 Book
© 2023 Central Library, National University of Sciences and Technology. All Rights Reserved.